Raja Ismail

Bibliographic Details
Format: Book

MARC

LEADER 00000cam a2200000 7i4500
001 0000006895
002 000007427
005 20000330.0
020 |a T000000576 
090 0 0 |a J 920   |b PAH 
245 1 0 |a Raja Ismail 
999 |a 0002971   |b BUKU   |c PINJAMAN   |e PERPUSTAKAAN KOMUNITI PETALING JAYA